| 000 | 01057cam a22002771i 4500 | ||
|---|---|---|---|
| 003 | SA-RiAUC | ||
| 005 | 20251002073419.0 | ||
| 008 | 251001s2001 su g 00000 ara c | ||
| 040 |
_aSA-MaUQU _bara _cSA-RiAUC _erda |
||
| 050 | 4 | _bZ34 2001 | |
| 082 | 0 | 4 |
_a252.3 _qSA-RiAUC |
| 090 |
_a252.3 _bظ ا هـ |
||
| 100 | 1 |
_aالظاهري، أبو عبد الرحمن بن عقيل، _d1357 هجري- _eمؤلف. |
|
| 245 | 1 | 0 |
_aتحقيق بعض المشكل من حديث الصيام جنة / _cأبي عبد الرحمن بن عقيل الظاهري. |
| 264 | 1 |
_aالرياض : _bدار ابن حزم للنشر، _c2001 |
|
| 300 |
_a66 صفحة ؛ _c15 سم |
||
| 336 |
_aنص _btxt _2rdacontent _3كتاب |
||
| 337 |
_aبدون وسيط _bn _2rdamedia |
||
| 338 |
_aمجلد _bnc _2rdacarrier |
||
| 650 | 7 |
_aالصوم في الحديث _2aucsh |
|
| 650 | 7 |
_aالحديث _xشرح _2aucsh |
|
| 650 | 7 |
_aالحديث _xمشكل _2aucsh |
|
| 653 | _aالديانات | ||
| 942 |
_2ddc _cBOOK _n0 |
||
| 949 |
_aSA-JeALM _d251001 _umohamedma123 _n1 |
||
| 999 |
_c12335 _d12335 |
||